| 000 | 00414nam a22001457a 4500 | ||
|---|---|---|---|
| 082 | _aT-23 | ||
| 100 |
_aGulrez Mahmood _948407 |
||
| 245 |
_aDevelopment of a flexible pavement design methodology for Pakistan _cGulrez Mahmood |
||
| 260 |
_aRisalpur _bMCE, NUST _c1991 |
||
| 300 |
_bill.: _c30 cm. |
||
| 526 |
_a0 _b0 _c0 _dT_23 |
||
| 650 |
_aThesis _934811 |
||
| 700 |
_aDr. M. Tahir Soomro _948408 |
||
| 942 |
_2ddc _cBK |
||
| 999 |
_c551366 _d551366 |
||